00328 2200145 4500245005500000250001100055100000900066650001700075650001600092005001900108260001800127041001400145084001400159336000900173 aBukan Anak Sempurna, tapi Punya CeritacNalahText aCet. 1 aNala aAutobiografi aKarya Siswa a20250522093948 aJakartac2025 aIndonesia a081 NAL b atext